LEADER 00973nam0-22003371i-450- 001 990008193250403321 005 20050927112220.0 035 $a000819325 035 $aFED01000819325 035 $a(Aleph)000819325FED01 035 $a000819325 100 $a20050927d1956----km-y0itay50------ba 101 0 $afre 102 $aFR 105 $aa-------001yy 200 1 $aAfrique occidentale francaise$fJacques Richard-Molard$apréface de M. Théodore Monod 205 $a3. éd. 210 $aParis$cBerger-Levrault$d1956 215 $aXIV, 252 p.$cill.$d22 cm 225 1 $a<>union française 610 0 $aAfrica 676 $a136.001 700 1$aRichard-Molard,$bJacques$f<1913-1951> 801 0$aIT$bUNINA$gRICA$2UNIMARC 901 $aBK 912 $a990008193250403321 952 $aJ-01-057$bIst. 5663$fILFGE 959 $aILFGE 996 $aPréface de M. Théodore Monod$9734500 996 $aAfrique occidentale française$9255395 997 $aUNINA LEADER 02722nam 22006732u 450 001 9910145594103321 005 20210210004630.0 010 $a1-281-32294-6 010 $a9786611322946 010 $a0-470-75458-3 035 $a(CKB)1000000000406676 035 $a(EBL)351102 035 $a(OCoLC)476170569 035 $a(SSID)ssj0000677406 035 $a(PQKBManifestationID)11417366 035 $a(PQKBTitleCode)TC0000677406 035 $a(PQKBWorkID)10694440 035 $a(PQKB)10660508 035 $a(SSID)ssj0000145786 035 $a(PQKBManifestationID)11135062 035 $a(PQKBTitleCode)TC0000145786 035 $a(PQKBWorkID)10183035 035 $a(PQKB)11479576 035 $a(MiAaPQ)EBC351102 035 $a(EXLCZ)991000000000406676 100 $a20100913d2007|||| u|| | 101 0 $aeng 135 $aur|n|---||||| 181 $ctxt 182 $cc 183 $acr 200 14$aThe Emergence of Monasticism$b[electronic resource] $eFrom the Desert Fathers to the Early Middle Ages 210 $aChichester $cJohn Wiley & Sons, Ltd.$d2007 215 $a1 online resource (290 p.) 300 $aDescription based upon print version of record. 311 $a0-631-13463-8 327 $aThe Emergence of Monasticism: From the Desert Fathers to the Early Middle Ages; Contents; Preface; List of Abbreviations; 1 The Emergence of Christian Eremitism; 2 The Development of Communal Life; 3 Women in Early Monasticism; 4 The Meaning of Asceticism; 5 The Evolution of Monasticism in the West; 6 The Rule of St Benedict and its Italian Setting; 7 Britain and Ireland; 8 Irish peregrini and European Monasticism; 9 England in the Seventh Century; Notes; Select Bibliography; Index; 330 $aThe Emergence of Monasticism offers a new approach to the subject, placing its development against the dynamic of both social and religious change.:.; First study in any language to cover the formative period of medieval monasticism.; Gives particular attention to the contribution of women to ascetic and monastic life. 606 $aMonastic and religious life 606 $aReligion 606 $aReligion$2HILCC 606 $aPhilosophy & Religion$2HILCC 606 $aChristianity$2HILCC 608 $aElectronic books. 615 4$aMonastic and religious life. 615 4$aReligion. 615 7$aReligion 615 7$aPhilosophy & Religion 615 7$aChristianity 676 $a271 676 $a271/.009/015 700 $aDunn$b Marilyn$0602704 801 0$bAU-PeEL 801 1$bAU-PeEL 801 2$bAU-PeEL 906 $aBOOK 912 $a9910145594103321 996 $aThe Emergence of Monasticism$92242568 997 $aUNINA